| 000 | 01372nam a2200301Ia 4500 | ||
|---|---|---|---|
| 001 | 35230 | ||
| 003 | IT-RoPAU | ||
| 008 | 130308s9999 xx 000 0 und d | ||
| 040 | _aIT-RoPAU | ||
| 040 | _cIT-RoPAU | ||
| 041 | _aITALIANO | ||
| 100 | _aRattalino Piero | ||
| 100 | _gCodice Aut. SPICS: 2189 | ||
| 245 | _aSonata romantica (La)-E altri saggi sulla letteratura del pianoforte | ||
| 245 | _bSonata romantica (La)-E Altri Saggi Sulla letteratura del Pianoforte | ||
| 250 | _a1a ed. | ||
| 260 | _aMILANO | ||
| 260 | _bIl Saggiatore | ||
| 260 | _c1985 [1° Ed.:1985 - Ed.Ling.Originale:1985] | ||
| 300 | _a"388 p. (prefazione: no ; testo: 388)" | ||
| 500 | _aSonate di Mozart Realtà Mito e immagini della Sonata chiaro di Luna di Beethoven Mendelssohn e Il pianoforte Compositori polacchi Sonate Polacche di Chopin pianoforte romantico Opere Pianistiche di Wagner Operisti Italiani e pianoforte Musica Pianistica Italiana pianoforte di Musorgskij Granados Enrique Cugina Tilde Sull'Autenticità del concerto per pianoforte e Orchestra di Clementi Andreevic Roslavec Variazioni Op.27 di Webern Opera Pianistica di Dallapiccola e Petrassi Night Fantasies di Elliott Carter Cadenza in Mozart in Beethoven e Dopo | ||
| 650 | _aSAGGI MUSICALI | ||
| 650 | _eCodice materia Spics: 7011 | ||
| 942 | _cBK | ||
| 957 | _71 | ||
| 999 |
_c74563 _d74563 |
||
| 999 | _bSI | ||
| 999 | _g1 | ||